Premier League Appearances by Nationality: USA - Statistics

General Stats
  • This quiz has been taken 14 times
  • The average score is 4 of 10
Answer Stats
Appearances Player % Correct
218 Clint Dempsey
83%
399 Tim Howard
83%
450 Brad Friedel
75%
148 Antonee Robinson
67%
154 Brad Guzan
17%
116 Carlos Bocanegra
17%
148 Brian McBride
8%
201 Kasey Keller
8%
168 Geoff Cameron
0%
124 Jonathan Spector
0%
No matching quizzes found
Score Distribution
Percent of People with Each Score
Percentile by Number Answered
Your Score History
You have not taken this quiz